<?xml version="1.0" encoding="UTF-8"?>
<record
    xmlns:xsi="http://www.w3.org/2001/XMLSchema-instance"
    xsi:schemaLocation="http://www.loc.gov/MARC21/slim http://www.loc.gov/standards/marcxml/schema/MARC21slim.xsd"
    xmlns="http://www.loc.gov/MARC21/slim">

  <leader>00596nam a22001577a 4500</leader>
  <controlfield tag="003">OSt</controlfield>
  <controlfield tag="005">20151119100643.0</controlfield>
  <controlfield tag="008">151119b        xxu||||| |||| 00| 0 eng d</controlfield>
  <datafield tag="040" ind1=" " ind2=" ">
    <subfield code="c">RUA</subfield>
  </datafield>
  <datafield tag="082" ind1=" " ind2=" ">
    <subfield code="a">FIS &#x179B;&#x17BC; 1995 B158 Or.1</subfield>
  </datafield>
  <datafield tag="100" ind1=" " ind2=" ">
    <subfield code="9">3909</subfield>
    <subfield code="a">&#x179B;&#x17BC; &#x179B;&#x17B8;&#x1783;&#x17B8;&#x1798;</subfield>
  </datafield>
  <datafield tag="245" ind1=" " ind2=" ">
    <subfield code="a">&#x1780;&#x17B6;&#x179A;&#x1785;&#x17B7;&#x1789;&#x17D2;&#x1785;&#x17B9;&#x1798;&#x1794;&#x1784;&#x17D2;&#x1782;&#x17B6;&#x1794;&#x17C2;&#x1794;&#x1794;&#x17D2;&#x179A;&#x1796;&#x179B;&#x179C;&#x1794;&#x17D2;&#x1794;&#x1780;&#x1798;&#x17D2;&#x1798;&#x1793;&#x17C5;&#x179F;&#x17D2;&#x179A;&#x17BB;&#x1780;&#x179F;&#x17D2;&#x1798;&#x17B6;&#x1785;&#x17CB;&#x1798;&#x17B6;&#x1793;&#x1787;&#x17D0;&#x1799;&#x1781;&#x17C1;&#x178F;&#x17D2;&#x178F;&#x1780;&#x17C4;&#x17C7;&#x1780;&#x17BB;&#x1784;&#x1786;&#x17D2;&#x1793;&#x17B6;&#x17C6; &#x17E1;&#x17E9;&#x17E9;&#x17E5; &#x17E1;&#x17E9;&#x17E9;&#x17E6;</subfield>
  </datafield>
  <datafield tag="260" ind1=" " ind2=" ">
    <subfield code="a">Phnom Penh</subfield>
    <subfield code="b">URA</subfield>
    <subfield code="c">1995</subfield>
  </datafield>
  <datafield tag="300" ind1=" " ind2=" ">
    <subfield code="a">74p.</subfield>
    <subfield code="b">ill.</subfield>
    <subfield code="c">29cm.</subfield>
  </datafield>
  <datafield tag="942" ind1=" " ind2=" ">
    <subfield code="2">ddc</subfield>
    <subfield code="c">FIS</subfield>
  </datafield>
  <datafield tag="999" ind1=" " ind2=" ">
    <subfield code="c">3634</subfield>
    <subfield code="d">3634</subfield>
  </datafield>
  <datafield tag="952" ind1=" " ind2=" ">
    <subfield code="0">0</subfield>
    <subfield code="1">0</subfield>
    <subfield code="2">ddc</subfield>
    <subfield code="4">0</subfield>
    <subfield code="6">FIS_&#x179B;&#x17BC;_1995_000000000000000_B158_OR_1</subfield>
    <subfield code="7">0</subfield>
    <subfield code="9">17823</subfield>
    <subfield code="a">LBB</subfield>
    <subfield code="b">LBB</subfield>
    <subfield code="c">B158</subfield>
    <subfield code="d">2015-11-19</subfield>
    <subfield code="o">FIS &#x179B;&#x17BC; 1995 B158 Or.1</subfield>
    <subfield code="p">RUA011061</subfield>
    <subfield code="r">2015-11-19</subfield>
    <subfield code="w">2015-11-19</subfield>
    <subfield code="y">FIS</subfield>
  </datafield>
  <datafield tag="952" ind1=" " ind2=" ">
    <subfield code="0">0</subfield>
    <subfield code="1">0</subfield>
    <subfield code="2">ddc</subfield>
    <subfield code="4">0</subfield>
    <subfield code="6">FIS_&#x179B;&#x17BC;_1995_000000000000000_B158_OR_2</subfield>
    <subfield code="7">0</subfield>
    <subfield code="9">17824</subfield>
    <subfield code="a">LBB</subfield>
    <subfield code="b">LBB</subfield>
    <subfield code="c">B158</subfield>
    <subfield code="d">2015-11-19</subfield>
    <subfield code="o">FIS &#x179B;&#x17BC; 1995 B158 Or.2</subfield>
    <subfield code="p">RUA011493</subfield>
    <subfield code="r">2015-11-19</subfield>
    <subfield code="w">2015-11-19</subfield>
    <subfield code="y">FIS</subfield>
  </datafield>
  <datafield tag="952" ind1=" " ind2=" ">
    <subfield code="0">0</subfield>
    <subfield code="1">0</subfield>
    <subfield code="2">ddc</subfield>
    <subfield code="4">0</subfield>
    <subfield code="6">FIS_&#x179B;&#x17BC;_1995_000000000000000_B158_OR_3</subfield>
    <subfield code="7">0</subfield>
    <subfield code="9">17825</subfield>
    <subfield code="a">LBB</subfield>
    <subfield code="b">LBB</subfield>
    <subfield code="c">B158</subfield>
    <subfield code="d">2015-11-19</subfield>
    <subfield code="o">FIS &#x179B;&#x17BC; 1995 B158 Or.3</subfield>
    <subfield code="p">RUA011932</subfield>
    <subfield code="r">2015-11-19</subfield>
    <subfield code="w">2015-11-19</subfield>
    <subfield code="y">FIS</subfield>
  </datafield>
  <datafield tag="952" ind1=" " ind2=" ">
    <subfield code="0">0</subfield>
    <subfield code="1">0</subfield>
    <subfield code="2">ddc</subfield>
    <subfield code="4">0</subfield>
    <subfield code="6">FIS_&#x179B;&#x17BC;_1995_000000000000000_B158_OR_4</subfield>
    <subfield code="7">0</subfield>
    <subfield code="9">17826</subfield>
    <subfield code="a">LBB</subfield>
    <subfield code="b">LBB</subfield>
    <subfield code="c">B158</subfield>
    <subfield code="d">2015-11-19</subfield>
    <subfield code="o">FIS &#x179B;&#x17BC; 1995 B158 Or.4</subfield>
    <subfield code="p">RUA011360</subfield>
    <subfield code="r">2015-11-19</subfield>
    <subfield code="w">2015-11-19</subfield>
    <subfield code="y">FIS</subfield>
  </datafield>
  <datafield tag="952" ind1=" " ind2=" ">
    <subfield code="0">0</subfield>
    <subfield code="1">0</subfield>
    <subfield code="2">ddc</subfield>
    <subfield code="4">0</subfield>
    <subfield code="6">FIS_&#x179B;&#x17BC;_1995_000000000000000_B158_OR_5</subfield>
    <subfield code="7">0</subfield>
    <subfield code="9">17827</subfield>
    <subfield code="a">LBB</subfield>
    <subfield code="b">LBB</subfield>
    <subfield code="c">B158</subfield>
    <subfield code="d">2015-11-19</subfield>
    <subfield code="o">FIS &#x179B;&#x17BC; 1995 B158 Or.5</subfield>
    <subfield code="p">RUA011069</subfield>
    <subfield code="r">2015-11-19</subfield>
    <subfield code="w">2015-11-19</subfield>
    <subfield code="y">FIS</subfield>
  </datafield>
  <datafield tag="952" ind1=" " ind2=" ">
    <subfield code="0">0</subfield>
    <subfield code="1">0</subfield>
    <subfield code="2">ddc</subfield>
    <subfield code="4">0</subfield>
    <subfield code="6">FIS_&#x179B;&#x17BC;_1995_000000000000000_B158_OR_6</subfield>
    <subfield code="7">0</subfield>
    <subfield code="9">17828</subfield>
    <subfield code="a">LBB</subfield>
    <subfield code="b">LBB</subfield>
    <subfield code="c">B158</subfield>
    <subfield code="d">2015-11-19</subfield>
    <subfield code="o">FIS &#x179B;&#x17BC; 1995 B158 Or.6</subfield>
    <subfield code="p">RUA011356</subfield>
    <subfield code="r">2015-11-19</subfield>
    <subfield code="w">2015-11-19</subfield>
    <subfield code="y">FIS</subfield>
  </datafield>
  <datafield tag="952" ind1=" " ind2=" ">
    <subfield code="0">0</subfield>
    <subfield code="1">0</subfield>
    <subfield code="2">ddc</subfield>
    <subfield code="4">0</subfield>
    <subfield code="6">FIS_&#x179B;&#x17BC;_1995_000000000000000_B158_OR_7</subfield>
    <subfield code="7">0</subfield>
    <subfield code="9">17829</subfield>
    <subfield code="a">LBB</subfield>
    <subfield code="b">LBB</subfield>
    <subfield code="c">B158</subfield>
    <subfield code="d">2015-11-19</subfield>
    <subfield code="o">FIS &#x179B;&#x17BC; 1995 B158 Or.7</subfield>
    <subfield code="p">RUA011928</subfield>
    <subfield code="r">2015-11-19</subfield>
    <subfield code="w">2015-11-19</subfield>
    <subfield code="y">FIS</subfield>
  </datafield>
  <datafield tag="952" ind1=" " ind2=" ">
    <subfield code="0">0</subfield>
    <subfield code="1">0</subfield>
    <subfield code="2">ddc</subfield>
    <subfield code="4">0</subfield>
    <subfield code="6">FIS_&#x179B;&#x17BC;_1995_000000000000000_B158_OR_8</subfield>
    <subfield code="7">0</subfield>
    <subfield code="9">17830</subfield>
    <subfield code="a">LBB</subfield>
    <subfield code="b">LBB</subfield>
    <subfield code="c">B158</subfield>
    <subfield code="d">2015-11-19</subfield>
    <subfield code="o">FIS &#x179B;&#x17BC; 1995 B158 Or.8</subfield>
    <subfield code="p">RUA011135</subfield>
    <subfield code="r">2015-11-19</subfield>
    <subfield code="w">2015-11-19</subfield>
    <subfield code="y">FIS</subfield>
  </datafield>
  <datafield tag="952" ind1=" " ind2=" ">
    <subfield code="0">0</subfield>
    <subfield code="1">0</subfield>
    <subfield code="2">ddc</subfield>
    <subfield code="4">0</subfield>
    <subfield code="6">FIS_&#x179B;&#x17BC;_1995_000000000000000_B158_OR_9</subfield>
    <subfield code="7">0</subfield>
    <subfield code="9">17831</subfield>
    <subfield code="a">LBB</subfield>
    <subfield code="b">LBB</subfield>
    <subfield code="c">B158</subfield>
    <subfield code="d">2015-11-19</subfield>
    <subfield code="o">FIS &#x179B;&#x17BC; 1995 B158 Or.9</subfield>
    <subfield code="p">RUA011063</subfield>
    <subfield code="r">2015-11-19</subfield>
    <subfield code="w">2015-11-19</subfield>
    <subfield code="y">FIS</subfield>
  </datafield>
</record>
